1583 1059 1748 1118 1012 1171 1756 1461 1437 1036 1105 1854 1563 1187 1128 1613 1824 1878 1260 1110 1163 1079 1266 1374 1268 1748 1612 1084 1760 1349 1541 1600 1635 1937 1473 1169 1328 1555 1789 1297 1340 1430 1647 1127 1787 1294 1439 1692 1372 1971 1675 1481 1388 1597 1966 1232 1940 1257 1176 1993 1862 1290 1181 1376 1611 1397 1485 1287 1914 1049 1779 1183 1944 1304 1827 1082 1584 1990 1354 1317 1712 1249 1593 1069 1422 1385 1400 1919 1009 1463 1520 1525 1918 1868 1880 1236 1901 1788 1023 BCNSPRNW ULIB Ver.6.0+V

เปลี่ยนเป็นภาษาไทย

Change to English
 แสดงรายละเอียดบรรณานุกรม
  กลับหน้าหลัก

Brief Record : Get Marc (ISO 2709) : E-mail record : QR code < ปิดหน้าต่าง
LEADER : 00000nam 2200000uu 4500
001    13399121587
003     ULIB
008    110627s2553||||th 000 0 tha d
020    9786165000543
090    นว.^bอ998ค
100 0  ไอศิยา
245 00 คลื่นรีักทะเลปรวน/^cไอศิยา
250    พิมพ์ครั้งที่ 1
260    กรุงเทพฯ :^bพิมพ์คำ,^c2553
300    334 หน้า
710 1  พิมพ์คำ
945    ^p220^l0^i028014
995    ทศพร
999 ^a ใช้งานได้ทุกระบบ
รายการนี้ยังไม่มีแท็ก
คุณยังไม่ได้ล็อกอิน คุณสามารถมีกิจกรรมร่วมกับเว็บไซต์ได้ แต่ต้องล็อกอินก่อน ::
  ล็อกอิน

รายการสื่อสารสนเทศ

ลำดับที่ ประเภท เลขเรียก/บาร์โค้ด สถานที่ สถานะ
1. นวนิยาย
นวนิยาย
นว. อ998ค ฉ.1 
  Barcode: 028014
ห้องสมุดวิทยาเขตสวรรค์ประชารักษ์
►นวนิยาย
บนชั้น
  ขอยืม

รายการใกล้เคียง
    ผู้แต่ง [ไอศิยา]

BibComment


ยังไม่เคยถูกคอมเมนท์

คอมเมนท์ทรัพยากรรายการนี้
  คอมเมนท์: คลื่นรีักทะเลปรวน..


 Copyright 2026. Bcnsprnw @Library